Datum a čas kvízu
23
Celkem bodů
Celkový počet nahraných bodů na tomto kvízu bez doplňovacích otázek.
6.
Pořadí na kvízu
Konečné umístění týmu na tomto kvízu.
Zaznamenané odpovědi
| # | Otázka | Odpověď | Body | Výsledky |
|---|---|---|---|---|
| 1. | Minulý týden jsme se dozvěděli... | konipas | 1 | |
| 2. | Ve volební kampani v Německu s... | (Hitlerův) knírek | 1 | |
| 3. | Minulý týden byl zveřejněn tra... | Brad Pitt | 1 | |
| 4. | V úterý byl představen Index p... | Turnov, Luhačovice | 0.5 | |
| 5. | V ligovém zápase mezi fotbalis... | výpadek světel | 0 | |
| 6. | Vítězné téma facebookového hla... | Crassus | 0 | |
| 7. | Který diktátor dopadl na konci... | Benito Mussolini | 1 | |
| 8. | Od smrti severokorejského dikt... | Václav Havel | 1 | |
| 9. | Který diktátor se nechal před... | Alexandr Lukašenko | 1 | |
| 10. | Mezi mnoho afrických diktátorů... | Uganda, Kampaly | 0 |